Inseguridad, víctimas y victimarios: Argentina 2001 -2007 (Registro nro. 7702)

Detalles MARC
000 -Cabecera
Campo de control de longitud fija 00741nam a22002897a 4500
005 - Fecha y hora de la última transacción
Campo de control 20260213190009.0
008 - Elementos de longitud fija--Información general
Campo de control de longitud fija 160224b2007 xxu||||| |||| 00| 0 spa d
020 ## - International Standard Book Number
Número Internacional Estándar del Libro (ISBN) 9789974578876
041 ## - Idioma
Código de idioma Español
082 ## - Clasificación Decimal Dewey
Número de clasificación 364 EL37i
100 ## - Entrada principal--Autor personal
Nombre personal Elbert, Carlos Alberto
9 (RLIN) 4747
245 ## - Título propiamente dicho
Título Inseguridad, víctimas y victimarios: Argentina 2001 -2007
260 ## - Pie de imprenta
Lugar de publicación, distribución, etc. Uruguay
260 ## - Pie de imprenta
Nombre del editor, distribuidor, etc. Editorial B de F
260 ## - Pie de imprenta
Fecha de publicación, distribución, etc. 2007
300 ## - Descripción física
Extensión 374 páginas
490 ## - Serie
Título de la Serie Investigación Criminal
650 ## - Materia general
Temática (materia general) CRIMINOLOGÍA
650 ## - Materia general
Temática (materia general) SECUESTRO
650 ## - Materia general
Temática (materia general) VÍCTIMAS
650 ## - Materia general
Temática (materia general) LEGISLACIÓN
650 ## - Materia general
Temática (materia general) PROBLEMAS SOCIALES
650 ## - Materia general
Temática (materia general) DELITOS
650 ## - Materia general
Temática (materia general) POLÍTICA CRIMINAL
650 ## - Materia general
Temática (materia general) DERECHOS HUMANOS
942 ## - Punto de acceso adicional KOHA
Tipo de ítem KOHA Libro
Fuente del sistema de clasificación o colocación Dewey Decimal Classification
Existencias
Signatura completa Código de barras Programa Académico Tipo de ítem
364 EL37i 20471 Investigación Criminal Libro
364 EL37i 20472 Investigación Criminal Libro